000 00210nam a2200097Ia 4500
008 240331s9999 xx 000 0 und d
082 _bMUT
100 _aMutthumogan,N
245 0 _aMarxsiya vivadangal
942 _cL
999 _c4591
_d4591